00999nam a22002297a 4500003000900000008004100009040007100050082001900121100001900140245014100159260002800300300005300328505022200381650002300603650001100626650001200637650002900649650002000678650003500698710001200733856002400745AR-CdUCM190429b ||||| |||| 00| 0 spa d aMUNICIPALIDAD PROVINCIAL DEL CUSCOcBIBLIOTECA MUNICIPAL DEL CUSCO a362.709 /bS52 aSierra, Lucila aPromoción del crecimiento y desarrollo en la primera infancia : bbuenas prácticas y lecciones aprendidas del programa Buen inicio / aLima : bUNICEF,c2013. a298 páginas ;bIlustraciones, cuadros,c21 cm. aContenido : Invirtiendo en los mas pequeños -- El problema del tiempo -- El crecimiento y desarrollo temprano -- Factores de riesgo -- El contexto de las zonas de intervención -- Los lineamientos de buen inicio... aBienestar infantil aPerú aNiños aPolítica gubernamental aSalud e higiene aProgramas de emergencia social aUNICEF. fwww.unicef.org/peru